• 首页
  • 本馆介绍
  • 公告通知
  • 最新文献
  • 馆藏检索
  • 电子资源
  • 读者导购
  • 参考咨询
  • 我的图书馆
  • 登录
  • 详细信息显示
  • 放入我的书架
  • 预约/预借图书
  • 作者相关作品
  • 分类相关作品
  • 丛书相关作品
  • 出版社相关作品

书目信息

  • 表格格式
  • 工作单格式
  • 卡片格式
题名:
中国农村教育
    
 
作者: 叶敬忠 , 吴惠芳 , 孟祥丹 主编
分册:  
出版信息: 北京   社会科学文献出版社  2015
页数: 331页
开本: 24cm
丛书名:
单 册:
中图分类: G725-53
科图分类:
主题词: 乡村教育--xiang cun jiao yu--中国--文集
电子资源:
ISBN: 978-7-5097-7847-0
000 01175nam0 22002771 450
001 387744
005 20170502165533.0
010    @a978-7-5097-7847-0@dCNY89.00
100    @a20151016d2015 em y0chiy50 ea
101 0  @achi@ceng
102    @aCN@b110000
105    @ay z 000yy
106    @ar
200 1  @a中国农村教育@9zhong guo nong cun jiao yu@dRural education in China@e反思发展主义的视角@ea critique of developmentalism@f叶敬忠,吴惠芳,孟祥丹主编@zeng
210    @a北京@c社会科学文献出版社@d2015
215    @a331页@d24cm
330    @a本书共分为农村教育的价值与意义、农村教育现实、布局调整与寄宿制学校、反思农村教育四个部分。书中内容包括:多元一体:中国农村教育的价值取向、文化失忆与农村教育的使命等。
510 1  @aRural education in China@ea critique of developmentalism@zeng
517 1  @a反思发展主义的视角@9fan si fa zhan zhu yi de shi jiao
606 0  @a乡村教育@9xiang cun jiao yu@y中国@j文集
690    @aG725-53@v5
701  0 @a叶敬忠@9ye jing zhong@f(1967.11~)@4主编
701  0 @a吴惠芳@9wu hui fang@c(女,@f1978~)@4主编
701  0 @a孟祥丹@9meng xiang dan@f(1987~)@4主编
801  0 @aCN@b百万庄@c20170308
905    @b1003720-5@dG725-53@e143@f6
    
    中国农村教育=Rural education in China:反思发展主义的视角:a critique of developmentalism/叶敬忠,吴惠芳,孟祥丹主编.-北京:社会科学文献出版社,2015
    331页;24cm
    
    
    ISBN 978-7-5097-7847-0:CNY89.00
    本书共分为农村教育的价值与意义、农村教育现实、布局调整与寄宿制学校、反思农村教育四个部分。书中内容包括:多元一体:中国农村教育的价值取向、文化失忆与农村教育的使命等。
●
相关链接 在E读中查询图书 在五车中查询图书 在当当中查询图书 在豆瓣中查询图书


正题名:中国农村教育     索取号:G725-53/143         预约/预借

序号 登录号 条形码 馆藏地/架位号 状态 备注
1 1003720   210037208   第一样本阅览室/ [索取号:G725-53/143] 在馆    
2 1003721   210037217   教育系资料室/ [索取号:G725-53/143] 在馆    
3 1003722   210037226   教育系资料室/ [索取号:G725-53/143] 在馆    
4 1003723   210037235   教育系资料室/ [索取号:G725-53/143] 在馆    
5 1003724   210037244   第四借阅区/ [索取号:G725-53/143] 在馆    
6 1003725   210037253   第四借阅区/ [索取号:G725-53/143] 在馆    
唐山师范学院图书馆 欢迎您!
大连网信软件有限公司© 版权所有